[Event "26th Hoogeveen op"]
[Site "Hoogeveen NED"]
[Date "2023.10.24"]
[Round "4.4"]
[White "De Boer, Eelke"]
[Black "Margadgua, Erdenebayar"]
[Result "1-0"]
[WhiteElo "2327"]
[BlackElo "1848"]
[EventDate "2023.10.21"]
[PlyCount "73"]

1.e4 c5 2.Nc3 Nc6 3.Nge2 e5 4.Ng3 d6 5.Bc4 Be6 6.d3 Nf6 7.O-O Be7 8.f4 
exf4 9.Bxf4 O-O 10.Nd5 Ne5 11.Nxe7+ Qxe7 12.Bg5 Bxc4 13.Bxf6 gxf6 14.dxc4 
Kh8 15.b3 Rad8 16.Rf5 Rg8 17.Qd2 Rg6 18.Raf1 Rdg8 19.Rd1 Rd8 20.Qf4 Rdg8 
21.Rd2 Rg4 22.Qf1 R4g6 23.Qd1 Rd8 24.Rf4 Qe6 25.Nf5 Rdg8 26.g3 Ng4 27.Qf3 
Qe5 28.Nxd6 Nh6 29.Kg2 Rd8 30.Rd5 Qb2 31.Qd1 Rdg8 32.Rh4 Qc3 33.Rd3 Qa5 
34.Qh5 Qxa2 35.Rd2 Qa5 36.Nxf7+ Kg7 37.Rd7 1-0

[Event "26th Hoogeveen op"]
[Site "Hoogeveen NED"]
[Date "2023.10.24"]
[Round "4.5"]
[White "Elgersma, Onno"]
[Black "Maatman, Nick"]
[Result "1-0"]
[WhiteElo "2266"]
[BlackElo "2382"]
[EventDate "2023.10.21"]
[PlyCount "79"]

1.e4 c5 2.Nf3 d6 3.d4 cxd4 4.Nxd4 Nf6 5.Nc3 a6 6.h3 e5 7.Nf3 Be7 8.g4 h6 
9.Rg1 Be6 10.g5 hxg5 11.Nxg5 Nc6 12.Be3 Qa5 13.Qd2 Rd8 14.Rd1 Rd7 15.a3 
Bd8 16.Nxe6 fxe6 17.Bc4 Kf7 18.Rg3 b5 19.Bb3 Qc7 20.Qd3 Na5 21.Ba2 Nc4 22.
Bc1 Qc6 23.Kf1 Ba5 24.b4 Bb6 25.a4 Rc8 26.Bg5 Bd8 27.axb5 axb5 28.Qe2 Kg8 
29.h4 Rf7 30.h5 Bb6 31.Rf3 Bd4 32.h6 Bxc3 33.Bxf6 gxf6 34.Rxc3 Kh8 35.Rg3 
f5 36.Qh5 Rcf8 37.Rg7 Rf6 38.Qg5 R6f7 39.Qg6 Ne3+ 40.Kg1 1-0

[Event "26th Hoogeveen op"]
[Site "Hoogeveen NED"]
[Date "2023.10.24"]
[Round "4.6"]
[White "Van Dael, Siem"]
[Black "Labruyere, Roger"]
[Result "1-0"]
[WhiteElo "2321"]
[BlackElo "2148"]
[EventDate "2023.10.21"]
[PlyCount "64"]

1.e4 c6 2.d4 d5 3.e5 Bf5 4.h4 h5 5.c4 e6 6.Nc3 Na6 7.a3 Nc7 8.c5 Be7 9.g3 
Qb8 10.b4 b6 11.Qa4 b5 12.Qb3 f6 13.Bf4 fxe5 14.Bxe5 Bf6 15.Nf3 Bg4 16.Ng5
Ne7 17.Bd3 Bxe5 18.dxe5 Bf5 19.Ne2 a5 20.O-O Qa7 21.Bxf5 Nxf5 22.Qb2 O-O 
23.Nf4 Nxh4 24.Qc2 Nf5 25.Qe2 Nh6 26.Qxh5 Rxf4 27.gxf4 Rf8 28.Qh4 a4 29.
Rad1 Qb8 30.Rd3 Qe8 31.Rg3 Qg6 32.Nf3 Nf5 1-0

[Event "26th Hoogeveen op"]
[Site "Hoogeveen NED"]
[Date "2023.10.24"]
[Round "4.7"]
[White "Kett, Tim"]
[Black "Slagboom, Leandro"]
[Result "0-1"]
[WhiteElo "2130"]
[BlackElo "2305"]
[EventDate "2023.10.21"]
[PlyCount "74"]

1.e4 e6 2.d4 d5 3.Nc3 Bb4 4.e5 c5 5.a3 Bxc3+ 6.bxc3 Nc6 7.Qg4 g6 8.Nf3 Qa5
9.Bd2 Qa4 10.Bd3 c4 11.Be2 Bd7 12.Ra2 O-O-O 13.Bg5 Re8 14.Qf4 h6 15.Bf6 g5
16.Qe3 Rh7 17.g4 Qa5 18.h4 Nxf6 19.exf6 e5 20.Nxe5 gxh4 21.f4 Qd8 22.Kd2 
Qxf6 23.Raa1 Qd8 24.Qf3 Qa5 25.Nxc6 Bxc6 26.Rxh4 Re4 27.Qf2 Bd7 28.f5 f6 
29.Bf3 Re8 30.Re1 Rxe1 31.Qxe1 Qxa3 32.Bxd5 Qd6 33.Be6 Re7 34.d5 Bxe6 35.
fxe6 Qxd5+ 36.Kc1 Rxe6 37.Qh1 Qg5+ 0-1

[Event "26th Hoogeveen op"]
[Site "Hoogeveen NED"]
[Date "2023.10.24"]
[Round "4.8"]
[White "Van Rootselaar, Rik"]
[Black "Van Foreest, Machteld"]
[Result "0-1"]
[WhiteElo "2015"]
[BlackElo "2266"]
[EventDate "2023.10.21"]
[PlyCount "82"]

1.d4 d5 2.c4 e6 3.Nf3 Nf6 4.g3 Bb4+ 5.Nbd2 dxc4 6.Bg2 b5 7.O-O O-O 8.a4 c6
9.Ne1 Nd5 10.Nc2 Be7 11.e4 Nf6 12.e5 Nd5 13.Ne4 Nd7 14.axb5 cxb5 15.Nc3 
N7b6 16.Nxb5 Qd7 17.Nc3 Bb7 18.Qg4 Kh8 19.h4 a5 20.h5 h6 21.Bd2 Nb4 22.
Bxb7 Qxb7 23.Ne3 Nd3 24.Na4 Rfc8 25.Nxb6 Qxb6 26.Nxc4 Qb5 27.Nxa5 Qxb2 28.
Qe4 Nxf2 29.Qe2 Nh3+ 30.Kh2 Ng5 31.Nc4 Qxd4 32.Rxa8 Rxa8 33.Bxg5 Bxg5 34.
Rxf7 Kg8 35.Rf2 Rb8 36.Kh3 Rb3 37.Kh2 Rd3 38.Qa2 Qg4 39.Rg2 Qxh5+ 40.Kg1 
Rd1+ 41.Kf2 Qf7+ 0-1

[Event "26th Hoogeveen op"]
[Site "Hoogeveen NED"]
[Date "2023.10.24"]
[Round "4.10"]
[White "Zecha, Oscar"]
[Black "Mueer, Sebastian"]
[Result "0-1"]
[WhiteElo "1838"]
[BlackElo "2230"]
[EventDate "2023.10.21"]
[PlyCount "110"]

1.d4 Nf6 2.c4 e6 3.Nf3 d5 4.g3 dxc4 5.Bg2 c6 6.a4 c5 7.O-O Nc6 8.dxc5 Bxc5
9.Qxd8+ Kxd8 10.Nbd2 Nd5 11.Nxc4 f6 12.Rd1 Ke7 13.e4 Ndb4 14.Be3 Bxe3 15.
Nxe3 Bd7 16.Nd4 Nxd4 17.Rxd4 Nc6 18.Rd2 Rhd8 19.Nc4 Be8 20.Rad1 Rxd2 21.
Rxd2 Rd8 22.Rxd8 Nxd8 23.b3 b5 24.axb5 Bxb5 25.Bf1 Bxc4 26.Bxc4 Nc6 27.Bb5
Nd4 28.Bc4 Nf3+ 29.Kg2 Nd2 30.Bd3 Nxb3 31.e5 f5 32.Kf1 a5 33.Ke1 a4 34.Kd1
g5 35.h3 h5 36.Kc2 Nd4+ 37.Kb2 Nf3 38.Be2 Nxe5 39.Ka3 g4 40.hxg4 hxg4 41.
Kxa4 Nf7 42.f3 gxf3 43.Bxf3 Ng5 44.Bg2 Kd6 45.Kb4 Ke5 46.Kc4 Ne4 47.g4 f4 
48.Kb5 Ng5 49.Kc6 f3 50.Bf1 Kf4 51.Kd6 e5 52.Kd5 e4 53.Kd4 Ne6+ 54.Kd5 e3 
55.Kxe6 e2 0-1

[Event "26th Hoogeveen op"]
[Site "Hoogeveen NED"]
[Date "2023.10.24"]
[Round "4.12"]
[White "Schoorl, Rob"]
[Black "Maris, Ivo"]
[Result "1-0"]
[WhiteElo "2357"]
[BlackElo "2404"]
[EventDate "2023.10.21"]
[PlyCount "81"]

1.c4 b6 2.Nc3 Bb7 3.e4 e6 4.g3 Bb4 5.Nge2 f5 6.Bg2 Nf6 7.d3 fxe4 8.O-O a5 
9.dxe4 Nc6 10.h3 d6 11.e5 dxe5 12.Qa4 Qd7 13.Rd1 Bd6 14.Nb5 O-O 15.Nxd6 
cxd6 16.Nc3 Rab8 17.Be3 Ba8 18.Rd2 b5 19.Nxb5 d5 20.Bc5 Rfd8 21.Nc3 Qf7 
22.Rad1 e4 23.b3 h5 24.Qa3 h4 25.g4 Qg6 26.Bd6 Rb4 27.cxd5 exd5 28.Nxd5 
Rxd6 29.Nxb4 Rxd2 30.Rxd2 e3 31.fxe3 Qb1+ 32.Kf2 Ne4+ 33.Bxe4 Qxe4 34.Nxc6
Bxc6 35.Qc5 Qf3+ 36.Ke1 Qh1+ 37.Ke2 Be4 38.Rd8+ Kf7 39.Rf8+ Ke6 40.Re8+ 
Kf7 41.Qe7+ 1-0

[Event "26th Hoogeveen op"]
[Site "Hoogeveen NED"]
[Date "2023.10.24"]
[Round "4.13"]
[White "Goudriaan, Rafael"]
[Black "Kiran, Manisha Mohanty"]
[Result "1/2-1/2"]
[WhiteElo "2153"]
[BlackElo "2034"]
[EventDate "2023.10.21"]
[PlyCount "99"]

1.e4 c5 2.Nf3 d6 3.Bb5+ Nd7 4.a4 Nf6 5.Nc3 e6 6.O-O Be7 7.d4 cxd4 8.Qxd4 
O-O 9.Rd1 a6 10.Be2 b6 11.e5 dxe5 12.Nxe5 Qc7 13.Bf4 Bc5 14.Nxd7 Qxd7 15.
Qxd7 Bxd7 16.Bf3 Ra7 17.Ne4 Nxe4 18.Bxe4 e5 19.Bd2 a5 20.c3 Be6 21.Be3 Bb3
22.Bxc5 bxc5 23.Rd6 g6 24.Bd5 Rb8 25.g3 Kg7 26.Bxb3 Rxb3 27.Ra2 Rab7 28.
Rd5 Rxb2 29.Rxb2 Rxb2 30.Rxc5 e4 31.Rxa5 f5 32.c4 Kf6 33.h4 Rb4 34.c5 Ke5 
35.c6+ Kd6 36.Rc5 Kc7 37.a5 Ra4 38.Kf1 Ra2 39.h5 Ra1+ 40.Ke2 Ra2+ 41.Ke3 
Ra3+ 42.Kf4 Rf3+ 43.Kg5 Rxf2 44.a6 Ra2 45.hxg6 hxg6 46.Kxg6 Ra3 47.Kxf5 
Rxg3 48.Kxe4 Ra3 49.Kd5 Rxa6 50.Ke4 1/2-1/2

[Event "26th Hoogeveen op"]
[Site "Hoogeveen NED"]
[Date "2023.10.24"]
[Round "4.14"]
[White "Van Kooten, Luuk"]
[Black "Boeren, Jurriaan"]
[Result "1-0"]
[WhiteElo "2255"]
[BlackElo "2120"]
[EventDate "2023.10.21"]
[PlyCount "73"]

1.d4 d5 2.c4 e6 3.Nc3 Nf6 4.cxd5 exd5 5.Bg5 Be7 6.Qc2 O-O 7.e3 h6 8.Bh4 
Re8 9.Bd3 c6 10.Nge2 Nbd7 11.f3 b5 12.O-O Nb6 13.h3 a6 14.Bf2 Bb7 15.e4 b4
16.Nb1 dxe4 17.fxe4 c5 18.e5 Nfd5 19.dxc5 Nd7 20.e6 fxe6 21.Nd2 Rc8 22.Nb3
Nxc5 23.Nxc5 Bxc5 24.Bxc5 Ne3 25.Bh7+ Kh8 26.Bxe3 Rxc2 27.Bxc2 e5 28.Rf2 
Qh4 29.Raf1 g5 30.b3 Bd5 31.Kh2 g4 32.Rf6 h5 33.Ng3 gxh3 34.Rh6+ Kg8 35.
Bh7+ Kh8 36.Be4+ Kg7 37.Nf5+ 1-0

[Event "26th Hoogeveen op"]
[Site "Hoogeveen NED"]
[Date "2023.10.24"]
[Round "4.15"]
[White "Hoffman, Ron"]
[Black "Kazarjan, Gachatur"]
[Result "0-1"]
[WhiteElo "2032"]
[BlackElo "1970"]
[EventDate "2023.10.21"]
[PlyCount "59"]

1.c4 e5 2.g3 Nf6 3.Bg2 d5 4.cxd5 Nxd5 5.Nf3 Nc6 6.Nc3 Nb6 7.O-O Be7 8.d3 
O-O 9.Be3 Be6 10.d4 exd4 11.Nxd4 Nxd4 12.Qxd4 c6 13.Rfd1 Nc4 14.Qxa7 Qc8 
15.Qd4 Bf6 16.Qf4 Rd8 17.Rxd8+ Qxd8 18.Rd1 Qa5 19.Bd4 Bg5 20.b4 Qd8 21.Qe4
Nd2 22.Qe5 Bf6 23.Qxf6 gxf6 24.Rxd2 f5 25.e4 Qe7 26.b5 Rd8 27.bxc6 bxc6 
28.Be3 Rxd2 29.Bxd2 Qd6 30.Be3 0-1

[Event "26th Hoogeveen op"]
[Site "Hoogeveen NED"]
[Date "2023.10.24"]
[Round "4.16"]
[White "Vogel, Jaap"]
[Black "Boersma, Jan"]
[Result "1/2-1/2"]
[WhiteElo "2106"]
[BlackElo "1997"]
[EventDate "2023.10.21"]
[PlyCount "25"]

1.d4 Nf6 2.Nf3 g6 3.g3 Bg7 4.Bg2 O-O 5.O-O d6 6.a4 c6 7.Nc3 Bg4 8.a5 a6 9.
h3 Bxf3 10.Bxf3 Nbd7 11.Bg2 Qc7 12.e4 e5 13.Be3 1/2-1/2

[Event "26th Hoogeveen op"]
[Site "Hoogeveen NED"]
[Date "2023.10.24"]
[Round "4.17"]
[White "Arnold, Rhys"]
[Black "Nijdam, Brian"]
[Result "1-0"]
[WhiteElo "2087"]
[BlackElo "1918"]
[EventDate "2023.10.21"]
[PlyCount "123"]

1.e4 c5 2.Nf3 g6 3.Bc4 Bg7 4.c3 e6 5.O-O Ne7 6.a4 Nbc6 7.d3 O-O 8.Qe2 d5 
9.Ba2 a6 10.Na3 Re8 11.Bg5 h6 12.Bh4 b6 13.h3 Bb7 14.Bb3 Qd7 15.Bc2 Ra7 
16.Rfe1 Rea8 17.Rad1 Nc8 18.Bg3 d4 19.e5 N6e7 20.cxd4 cxd4 21.Bf4 b5 22.
axb5 axb5 23.Bd2 Nb6 24.Rb1 Nf5 25.Bb3 Bf8 26.Nc2 Na4 27.Bb4 Bxb4 28.Nxb4 
Qe7 29.Qd2 Bxf3 30.gxf3 Qg5+ 31.Qxg5 hxg5 32.Rec1 Nh4 33.Bd1 Nb6 34.Kf1 
Nd7 35.Nc6 Rb7 36.Ke2 Kg7 37.Nxd4 Nxe5 38.Rc5 Nd7 39.Rxb5 Rxb5 40.Nxb5 Rb8
41.Nd6 Ne5 42.Ke3 Rd8 43.d4 Nc6 44.Nb5 Rd5 45.Nc3 Nf5+ 46.Ke2 Rxd4 47.Bc2 
Nb4 48.Be4 Nd6 49.Rd1 Rxd1 50.Nxd1 f5 51.Bd3 Kf6 52.Ne3 Ke5 53.Nc4+ Kd4 
54.Nxd6 Nxd3 55.Nb5+ Kc4 56.b3+ Kxb5 57.Kxd3 Kb4 58.Kc2 e5 59.Kb2 g4 60.
hxg4 fxg4 61.fxg4 g5 62.Kc2 1-0

[Event "26th Hoogeveen op"]
[Site "Hoogeveen NED"]
[Date "2023.10.24"]
[Round "4.18"]
[White "Boer, Alef"]
[Black "Fehr, Axel"]
[Result "0-1"]
[WhiteElo "2058"]
[BlackElo "2011"]
[EventDate "2023.10.21"]
[PlyCount "70"]

1.e4 c5 2.Nf3 d6 3.d4 cxd4 4.Qxd4 a6 5.c4 e6 6.Nc3 Nf6 7.h3 Be7 8.Be2 O-O 
9.O-O Nbd7 10.Rd1 Qc7 11.Be3 b6 12.Rac1 Bb7 13.b4 Rac8 14.a3 Qb8 15.Nd2 
Bd8 16.g4 h6 17.f4 Bc7 18.h4 e5 19.Qd3 exf4 20.Bxf4 Ne5 21.Qg3 d5 22.Nxd5 
Nxd5 23.exd5 Nf3+ 24.Qxf3 Bxf4 25.Rc3 f5 26.Bd3 Be5 27.Rcc1 Rce8 28.Nf1 
Qd8 29.gxf5 Qxh4 30.Kg2 g6 31.Ng3 Qg5 32.Re1 Bf4 33.Rxe8 Rxe8 34.Rf1 Bd6 
35.f6 Re3 0-1

[Event "26th Hoogeveen op"]
[Site "Hoogeveen NED"]
[Date "2023.10.25"]
[Round "5.1"]
[White "Krishnan, Ritvik"]
[Black "De Boer, Eelke"]
[Result "1-0"]
[WhiteElo "2176"]
[BlackElo "2327"]
[EventDate "2023.10.21"]
[PlyCount "61"]

1.e4 c5 2.Nf3 d6 3.d4 cxd4 4.Nxd4 Nf6 5.Nc3 Nc6 6.Bg5 e6 7.Qd2 a6 8.O-O-O 
Bd7 9.Kb1 Be7 10.Nxc6 Bxc6 11.f3 b5 12.Be3 Qc7 13.Ne2 O-O 14.Nd4 b4 15.g4 
Rfc8 16.g5 Nd7 17.h4 Nc5 18.h5 Be8 19.Bh3 Rab8 20.g6 Bf6 21.gxf7+ Bxf7 22.
Qg2 Na4 23.Bg5 Bxg5 24.Qxg5 e5 25.Rdg1 Bxa2+ 26.Kxa2 Re8 27.Nb3 Re7 28.h6 
g6 29.Qf6 Rbe8 30.Bf5 Qxc2 31.Be6+ 1-0

[Event "26th Hoogeveen op"]
[Site "Hoogeveen NED"]
[Date "2023.10.25"]
[Round "5.2"]
[White "Lodici, Lorenzo"]
[Black "De Winter, Arthur"]
[Result "1-0"]
[WhiteElo "2537"]
[BlackElo "2397"]
[EventDate "2023.10.21"]
[PlyCount "33"]

1.d4 d5 2.c4 dxc4 3.Nf3 Nf6 4.Qa4+ Nbd7 5.Nc3 e6 6.e4 c5 7.d5 exd5 8.e5 d4
9.exf6 dxc3 10.Bxc4 Qxf6 11.Bg5 b5 12.Qc2 Qd6 13.Rd1 bxc4 14.Rxd6 Bxd6 15.
Qe4+ Ne5 16.Qxa8 O-O 17.bxc3 1-0

[Event "26th Hoogeveen op"]
[Site "Hoogeveen NED"]
[Date "2023.10.25"]
[Round "5.3"]
[White "Ernst, Sipke"]
[Black "Elgersma, Onno"]
[Result "1-0"]
[WhiteElo "2551"]
[BlackElo "2266"]
[EventDate "2023.10.21"]
[PlyCount "73"]

1.Nf3 d5 2.e3 Nf6 3.b3 e6 4.Bb2 c5 5.c4 Nc6 6.cxd5 exd5 7.Bb5 Bd6 8.O-O 
O-O 9.h3 Re8 10.Re1 a6 11.Bxc6 bxc6 12.Nc3 Rb8 13.Ba3 Ne4 14.Rc1 Re6 15.
Kf1 Rf6 16.d3 Nxc3 17.Rxc3 Qa5 18.Bb2 Rg6 19.Rc2 Qc7 20.Ba3 Rb5 21.e4 Be6 
22.Qc1 Qd7 23.e5 Bf8 24.Bxc5 Bf5 25.Rd1 Rxg2 26.Kxg2 Bxh3+ 27.Kh2 Bxc5 28.
Rxc5 Qg4 29.Qg5 Qxg5 30.Nxg5 Rxc5 31.Kxh3 Rc2 32.f4 Rxa2 33.Rc1 h6 34.Nf3 
Re2 35.Kg3 Re3 36.Rd1 Re2 37.Rd2 1-0

[Event "26th Hoogeveen op"]
[Site "Hoogeveen NED"]
[Date "2023.10.25"]
[Round "5.4"]
[White "Slagboom, Leandro"]
[Black "Zwirs, Nico"]
[Result "0-1"]
[WhiteElo "2305"]
[BlackElo "2451"]
[EventDate "2023.10.21"]
[PlyCount "58"]

1.e4 c5 2.Nf3 d6 3.d4 cxd4 4.Nxd4 Nf6 5.Nc3 Bd7 6.f3 e5 7.Nb3 Be7 8.Be3 
O-O 9.Qd2 a5 10.a4 Na6 11.g4 Nb4 12.g5 Nh5 13.Nb5 Be6 14.c4 f5 15.O-O-O 
fxe4 16.Nxd6 Nd3+ 17.Bxd3 exd3 18.Nxb7 Qc7 19.N7c5 Bxc4 20.Kb1 Rxf3 21.Rc1
Bxb3 22.Nxb3 Qd7 23.Rc4 Bb4 24.Qg2 Raf8 25.Bc5 Bxc5 26.Rxc5 e4 27.Rxa5 e3 
28.Ra8 Rxa8 29.Qxf3 Qxa4 0-1

[Event "26th Hoogeveen op"]
[Site "Hoogeveen NED"]
[Date "2023.10.25"]
[Round "5.5"]
[White "Paltrinieri, Nicholas"]
[Black "Van Foreest, Machteld"]
[Result "0-1"]
[WhiteElo "2344"]
[BlackElo "2266"]
[EventDate "2023.10.21"]
[PlyCount "68"]

1.f4 d5 2.b3 Nf6 3.Bb2 c5 4.Nf3 Nc6 5.e3 g6 6.g3 Bg7 7.Bg2 O-O 8.O-O Qc7 
9.Qe2 Be6 10.d3 Rad8 11.Nbd2 Nb4 12.a3 Nc6 13.Rfe1 b5 14.Ne5 Nxe5 15.Bxe5 
Qb6 16.h3 Rc8 17.Nf3 Rfd8 18.b4 Ne8 19.Bxg7 Nxg7 20.g4 f6 21.Reb1 Bf7 22.
Rb2 d4 23.Kh1 dxe3 24.Qxe3 c4 25.d4 c3 26.Rbb1 Ne6 27.Rd1 Qd6 28.f5 gxf5 
29.gxf5 Nf4 30.Rg1 Kh8 31.Rae1 Nh5 32.Qxe7 Ng3+ 33.Kh2 Nf1+ 34.Kh1 Qh2+ 
0-1

[Event "26th Hoogeveen op"]
[Site "Hoogeveen NED"]
[Date "2023.10.25"]
[Round "5.6"]
[White "Swati, Ghate"]
[Black "Van Dael, Siem"]
[Result "0-1"]
[WhiteElo "1995"]
[BlackElo "2321"]
[EventDate "2023.10.21"]
[PlyCount "106"]

1.e4 c5 2.c3 Nf6 3.e5 Nd5 4.d4 cxd4 5.cxd4 e6 6.Nf3 Nc6 7.Bc4 Nb6 8.Bb3 d6
9.Qe2 Be7 10.O-O d5 11.Nc3 a6 12.Bc2 Bd7 13.Bf4 Rc8 14.Rad1 Nc4 15.Bc1 b5 
16.g3 N6a5 17.Bd3 Qb6 18.h4 h6 19.h5 Bb4 20.Nb1 Qa7 21.b3 Nb6 22.Nh4 Bf8 
23.Be3 Nc6 24.Nd2 Nb4 25.Bb1 a5 26.Rc1 Qb7 27.f4 Rxc1 28.Rxc1 Nc8 29.f5 
Ne7 30.Qf3 exf5 31.Nxf5 Nxf5 32.Bxf5 Be7 33.a3 Nc6 34.e6 fxe6 35.Bg6+ Kd8 
36.Qf7 Bf6 37.Rf1 Kc7 38.Rxf6 gxf6 39.Qxf6 Qc8 40.Nf3 Rf8 41.Bf7 Be8 42.
Ne5 Bxf7 43.Bxh6 Nxe5 44.dxe5 Kd7 45.Bxf8 Qxf8 46.Qf2 Ke8 47.Qb6 Qxa3 48.
Qb8+ Ke7 49.h6 Qc1+ 50.Kg2 Be8 51.h7 Qc2+ 52.Kg1 Qb1+ 53.Kf2 Qxh7 0-1

[Event "26th Hoogeveen op"]
[Site "Hoogeveen NED"]
[Date "2023.10.25"]
[Round "5.7"]
[White "Mueer, Sebastian"]
[Black "Van Kooten, Luuk"]
[Result "0-1"]
[WhiteElo "2230"]
[BlackElo "2255"]
[EventDate "2023.10.21"]
[PlyCount "86"]

1.e4 g6 2.d4 Bg7 3.Nc3 d6 4.Be3 a6 5.Qd2 b5 6.O-O-O Nd7 7.h4 h5 8.Nh3 Bb7 
9.Ng5 Nb6 10.a3 e6 11.f4 Nh6 12.Bd3 Qd7 13.Rhf1 d5 14.f5 gxf5 15.exf5 exf5
16.Bg1 O-O-O 17.Qf4 f6 18.Nh3 Nc4 19.Kb1 Nd6 20.Ne2 Kb8 21.Ng3 Qf7 22.Qf3 
Ng4 23.Nxf5 Bf8 24.Ng3 Bh6 25.Nf4 Bxf4 26.Qxf4 Bc8 27.Be2 Rde8 28.Bf3 Re7 
29.Rde1 Rhe8 30.Rxe7 Rxe7 31.Bxg4 Bxg4 32.Bh2 f5 33.Qd2 Qf6 34.Nh1 Nc4 35.
Qf2 Re2 36.Qf4 Qc6 37.Rc1 Nd2+ 38.Ka1 Ne4 39.c3 Rxg2 40.Re1 Qc4 41.Re3 Kb7
42.b3 Nxc3 43.Nf2 Qf1+ 0-1

[Event "26th Hoogeveen op"]
[Site "Hoogeveen NED"]
[Date "2023.10.25"]
[Round "5.8"]
[White "Kazarjan, Gachatur"]
[Black "Goudriaan, Rafael"]
[Result "1/2-1/2"]
[WhiteElo "1970"]
[BlackElo "2153"]
[EventDate "2023.10.21"]
[PlyCount "80"]

1.e4 c5 2.Nf3 d6 3.d4 cxd4 4.Nxd4 Nf6 5.Nc3 a6 6.Bc4 e6 7.O-O b5 8.Bd3 Be7
9.a3 O-O 10.Qe2 Bb7 11.Be3 Nbd7 12.f4 Qc7 13.Nb3 Nc5 14.Nxc5 dxc5 15.e5 c4
16.exf6 cxd3 17.cxd3 Bxf6 18.Ne4 Qd8 19.f5 exf5 20.Rxf5 Bxe4 21.dxe4 Re8 
22.Bf2 Qd7 23.Re1 Re7 24.Bc5 Re6 25.Rd5 Qc6 26.b4 Rae8 27.Qd3 h6 28.Kf2 
Be5 29.g3 f5 30.Kf1 Bf6 31.Rxf5 Rxe4 32.Rxe4 Rxe4 33.Qd5+ Qe6 34.Qxe6+ 
Rxe6 35.Rd5 Bb2 36.Rd3 Re4 37.Rb3 Bc1 38.Rc3 Rc4 39.Rxc4 bxc4 40.a4 Kf7 
1/2-1/2

[Event "26th Hoogeveen op"]
[Site "Hoogeveen NED"]
[Date "2023.10.25"]
[Round "5.9"]
[White "Kiran, Manisha Mohanty"]
[Black "Duchene, Rene"]
[Result "1-0"]
[WhiteElo "2034"]
[BlackElo "2065"]
[EventDate "2023.10.21"]
[PlyCount "125"]

1.e4 c5 2.Nf3 Nc6 3.d4 cxd4 4.Nxd4 Nf6 5.Nc3 e6 6.Ndb5 Bb4 7.a3 Bxc3+ 8.
Nxc3 d5 9.Bd3 O-O 10.O-O Ne5 11.Bg5 d4 12.Ne2 h6 13.Bh4 Nxd3 14.Qxd3 e5 
15.f4 Qb6 16.Bxf6 Qxf6 17.fxe5 Qxe5 18.Qxd4 Re8 19.Qxe5 Rxe5 20.Nc3 Bd7 
21.Rad1 Bc6 22.Rf4 Rae8 23.h4 g5 24.hxg5 hxg5 25.Rg4 f6 26.Rd4 Kf7 27.b4 
R8e7 28.Nd5 Bxd5 29.exd5 b5 30.Rg3 Re1+ 31.Kh2 R7e3 32.d6 Ke8 33.d7+ Kd8 
34.Rgg4 Re7 35.Rd6 Rh7+ 36.Kg3 Re3+ 37.Kf2 Rxa3 38.Rxf6 Rxd7 39.Rxg5 a5 
40.bxa5 Rxa5 41.Rff5 Rd2+ 42.Kg1 Rxc2 43.Rxb5 Ra1+ 44.Kh2 Ke7 45.Rbf5 Ra3 
46.Rg3 Ke6 47.Rf8 Rcc3 48.Rxc3 Rxc3 49.g3 Ke7 50.Rf4 Ra3 51.Kh3 Ra1 52.Kh4
Ra5 53.Kg4 Rb5 54.Kh4 Ra5 55.g4 Rb5 56.g5 Ra5 57.Kh5 Ra6 58.g6 Ra1 59.Kh6 
Re1 60.Kh7 Rh1+ 61.Kg8 Rg1 62.g7 Re1 63.Rh4 1-0

[Event "26th Hoogeveen op"]
[Site "Hoogeveen NED"]
[Date "2023.10.25"]
[Round "5.10"]
[White "Margadgua, Erdenebayar"]
[Black "Kett, Tim"]
[Result "1/2-1/2"]
[WhiteElo "1848"]
[BlackElo "2130"]
[EventDate "2023.10.21"]
[PlyCount "95"]

1.e4 e5 2.Nf3 Nc6 3.d4 exd4 4.Nxd4 Nf6 5.Nxc6 bxc6 6.e5 Qe7 7.Qe2 Nd5 8.h4
Bb7 9.c4 Nb6 10.Nc3 O-O-O 11.Bg5 f6 12.exf6 gxf6 13.Qxe7 Bxe7 14.Be3 Ba6 
15.O-O-O Bxc4 16.Bxb6 Bxf1 17.Bxc7 Kxc7 18.Rhxf1 Rhg8 19.g3 d5 20.Rd4 Bd6 
21.g4 Rde8 22.Ra4 Kb6 23.Kd2 Re7 24.Re1 Rxe1 25.Kxe1 h5 26.gxh5 Rh8 27.Ne2
Rxh5 28.Ng3 Bxg3 29.fxg3 c5 30.Rf4 f5 31.g4 fxg4 32.Rxg4 Rh7 33.Kd2 c4 34.
Kc3 Kc5 35.b3 Rf7 36.bxc4 Rf3+ 37.Kb2 d4 38.Rg7 Kxc4 39.Rxa7 Rf2+ 40.Kc1 
Rh2 41.Ra3 Rxh4 42.Kd1 Rh1+ 43.Kd2 Rh2+ 44.Kd1 Kd5 45.Ra5+ Ke4 46.Ra3 d3 
47.Ra8 Ke3 48.Re8+ 1/2-1/2

[Event "26th Hoogeveen op"]
[Site "Hoogeveen NED"]
[Date "2023.10.25"]
[Round "5.11"]
[White "Maatman, Nick"]
[Black "Van Rootselaar, Rik"]
[Result "1/2-1/2"]
[WhiteElo "2382"]
[BlackElo "2015"]
[EventDate "2023.10.21"]
[PlyCount "61"]

1.e4 c5 2.Nf3 d6 3.d4 cxd4 4.Nxd4 Nf6 5.Nc3 a6 6.g3 e5 7.Nb3 b5 8.a4 b4 9.
Nd5 Nxd5 10.Qxd5 Ra7 11.Be3 Be6 12.Qd2 Rd7 13.Qxb4 d5 14.Bc5 Nc6 15.Qb6 
Qxb6 16.Bxb6 Nb4 17.O-O-O Bg4 18.Re1 Bf3 19.Rg1 dxe4 20.a5 Be7 21.Nc5 Bg5+
22.Kb1 Rd2 23.Nxa6 Nxc2 24.Rc1 e3 25.fxe3 Nxe3 26.Bb5+ Ke7 27.Rge1 Be4+ 
28.Ka2 Bd5+ 29.Kb1 Be4+ 30.Ka2 Bd5+ 31.Kb1 1/2-1/2

[Event "26th Hoogeveen op"]
[Site "Hoogeveen NED"]
[Date "2023.10.25"]
[Round "5.12"]
[White "Labruyere, Roger"]
[Black "Arnold, Rhys"]
[Result "1-0"]
[WhiteElo "2148"]
[BlackElo "2087"]
[EventDate "2023.10.21"]
[PlyCount "79"]

1.d4 d5 2.Nf3 Nf6 3.c3 e6 4.Bf4 c5 5.e3 Bd6 6.Bb5+ Nc6 7.Ne5 Qc7 8.Qa4 Bd7
9.Nxd7 Nxd7 10.Bxd6 Qxd6 11.O-O O-O 12.f4 a6 13.Bxc6 Qxc6 14.Qc2 f5 15.Nd2
b5 16.Nf3 Rac8 17.h3 b4 18.cxb4 cxb4 19.Qd2 Qb6 20.Rac1 a5 21.Rc2 Qb7 22.
Rfc1 Nb6 23.Qe2 Rxc2 24.Rxc2 Nd7 25.Ng5 Qb6 26.Rc1 h6 27.Nf3 Rb8 28.b3 Kh7
29.g4 fxg4 30.hxg4 Kg8 31.g5 Qd8 32.Qa6 Nf8 33.gxh6 gxh6 34.Kf2 Qb6 35.Qf1
Qd8 36.Qg2+ Kf7 37.Ne5+ Ke8 38.Qg7 Qd6 39.Qf7+ Kd8 40.Nc6+ 1-0

[Event "26th Hoogeveen op"]
[Site "Hoogeveen NED"]
[Date "2023.10.25"]
[Round "5.13"]
[White "Boeren, Jurriaan"]
[Black "Zecha, Oscar"]
[Result "1/2-1/2"]
[WhiteElo "2120"]
[BlackElo "1838"]
[EventDate "2023.10.21"]
[PlyCount "144"]

1.e4 e5 2.Nf3 Nc6 3.Bb5 Nf6 4.O-O Nxe4 5.Re1 Nd6 6.Nxe5 Be7 7.Bf1 Nf5 8.
Nf3 O-O 9.d4 d5 10.c3 Bd6 11.a4 Re8 12.b3 Rxe1 13.Qxe1 a5 14.Na3 Bf8 15.
Bg5 f6 16.Bd2 Nce7 17.Bd3 c6 18.Nc2 Qd6 19.g3 Qe6 20.Qf1 Bd7 21.h4 Qf7 22.
Qg2 b6 23.Bf4 Rc8 24.Re1 Ng6 25.Bd2 Bd6 26.h5 Nf8 27.g4 Ne7 28.Ne3 Ne6 29.
Nf5 Nxf5 30.Bxf5 Nf4 31.Bxf4 Bxf4 32.Bxd7 Qxd7 33.Qh3 Re8 34.Rxe8+ Qxe8 
35.Nh4 Qe1+ 36.Kg2 Qb1 37.Qf3 Bg5 38.Qe2 g6 39.Qe8+ Kg7 40.Qe7+ Kg8 41.
hxg6 hxg6 42.Qe8+ Kg7 43.Qe7+ Kg8 44.Nf3 Qxb3 45.Qe8+ Kg7 46.Qe7+ Kg8 47.
Nxg5 fxg5 48.Qe8+ Kg7 49.Qxc6 Qd1 50.Qc7+ Kh6 51.Qh2+ Kg7 52.Qe5+ Kh7 53.
Qxg5 Qxa4 54.Qh4+ Kg7 55.Qe7+ Kg8 56.Qd8+ Kg7 57.Qxd5 Qd1 58.Qe5+ Kh7 59.
Qe7+ Kh8 60.Qf8+ Kh7 61.Qf7+ Kh6 62.Qf8+ Kh7 63.Qe7+ Kh8 64.Qe6 a4 65.Qxg6
a3 66.Qh6+ Kg8 67.Qe6+ Kg7 68.g5 a2 69.Qf6+ Kg8 70.Qe6+ Kg7 71.Qf6+ Kg8 
72.Qe6+ Kg7 1/2-1/2

[Event "26th Hoogeveen op"]
[Site "Hoogeveen NED"]
[Date "2023.10.25"]
[Round "5.14"]
[White "Fehr, Axel"]
[Black "Vogel, Jaap"]
[Result "1/2-1/2"]
[WhiteElo "2011"]
[BlackElo "2106"]
[EventDate "2023.10.21"]
[PlyCount "27"]

1.c4 e6 2.Nf3 Nf6 3.g3 d5 4.Bg2 c6 5.b3 Be7 6.O-O O-O 7.Bb2 Nbd7 8.e3 b6 
9.Nc3 Bb7 10.d4 Rc8 11.Rc1 c5 12.cxd5 Nxd5 13.Nxd5 Bxd5 14.Qe2 1/2-1/2

[Event "26th Hoogeveen op"]
[Site "Hoogeveen NED"]
[Date "2023.10.25"]
[Round "6.1"]
[White "Zwirs, Nico"]
[Black "Krishnan, Ritvik"]
[Result "1/2-1/2"]
[WhiteElo "2451"]
[BlackElo "2176"]
[EventDate "2023.10.21"]
[PlyCount "43"]

1.e4 e6 2.d4 d5 3.Nd2 c5 4.Ngf3 cxd4 5.exd5 Qxd5 6.Bc4 Qd6 7.O-O Nf6 8.Nb3
Nc6 9.Nbxd4 Nxd4 10.Nxd4 a6 11.Re1 Qc7 12.Bd3 Bd6 13.h3 O-O 14.Bg5 b5 15.
Bxf6 gxf6 16.Qg4+ Kh8 17.Qh4 f5 18.Qf6+ Kg8 19.Qg5+ Kh8 20.Qf6+ Kg8 21.
Qg5+ Kh8 22.Qf6+ 1/2-1/2

[Event "26th Hoogeveen op"]
[Site "Hoogeveen NED"]
[Date "2023.10.25"]
[Round "6.2"]
[White "Lodici, Lorenzo"]
[Black "Ernst, Sipke"]
[Result "1-0"]
[WhiteElo "2537"]
[BlackElo "2551"]
[EventDate "2023.10.21"]
[PlyCount "119"]

1.e4 e5 2.Nf3 Nc6 3.Bb5 a6 4.Ba4 Nf6 5.d3 b5 6.Bb3 Be7 7.Nc3 d6 8.a3 O-O 
9.O-O Bg4 10.Be3 Nd4 11.Bxd4 exd4 12.Nd5 c6 13.Nxf6+ Bxf6 14.h3 Be6 15.
Bxe6 fxe6 16.Qd2 e5 17.g3 c5 18.a4 Qd7 19.Kg2 bxa4 20.Qe2 Rab8 21.Ra2 Rb4 
22.Nd2 d5 23.c3 Rb6 24.c4 Bg5 25.Nf3 Rxf3 26.Qxf3 dxc4 27.dxc4 Rb4 28.Rfa1
Qc6 29.h4 Bh6 30.Qe2 g6 31.Ra3 Qb7 32.Rxa4 Rxb2 33.Qf3 Rb3 34.Qg4 Rb6 35.
Ra5 Bf8 36.R1a3 h5 37.Qe2 Bh6 38.Ra2 Qc6 39.Kh2 Bf8 40.Rd2 Bh6 41.Rda2 Bf8
42.Qc2 Kh7 43.R5a3 Qb7 44.Rf3 Kg8 45.Raa3 Rb2 46.Qa4 Rb6 47.Qe8 Qe7 48.Qa8
Qd6 49.Rfb3 Qf6 50.Kg2 Rd6 51.Rf3 Qd8 52.Qxd8 Rxd8 53.Kf1 Rd6 54.Rab3 Be7 
55.Rb8+ Bd8 56.Ke2 a5 57.Rc8 Kg7 58.Rxc5 Ra6 59.Rxe5 a4 60.Ra3 1-0